000 00353 a2200157 4500
001 13004
020 _a9788572085892
040 _cAnchieta - Aquarius
100 _aMachado, Ana Maria
240 1 0 _aO jogo do vira-vira
_lpor
245 1 0 _aO jogo do vira-vira
300 _a33
362 0 _a2009
650 4 _aLiteratura infanto-juvenil
942 _cBK
999 _c13004
_d13004